Minulý rok z pohľadu spotreby liekov

Bibliographic Details
Main Author: Foltán, Viliam, 1946- (Author)
Format: Article
Language:Slovak
PhysicalDescription:Grafy, tab.
ISSN:1335-4477
Subjects:

MARC

LEADER 00000nab a2200000 a 4500
001 vtls008158704
003 SK-MaSNL
005 20260304025154.0
008 160329c2005 xo wrzp 0 0slo
015 |a SNBRB2005/05  |2 snkbucl 
040 |a SNKBUCL  |b slo  |c SNKBUCL  |e AACR2 
041 0 |a slo 
044 |a xo  |c SK 
080 |a 615.2:330.567.2  |x (437.6)  |2 1997 
100 1 |a Foltán, Viliam,  |d 1946-  |4 aut  |9 215600 
245 1 0 |a Minulý rok z pohľadu spotreby liekov  |c Viliam Foltán 
300 |b Grafy, tab. 
648 7 |a 2004  |2 snkbucl  |9 303492 
650 0 7 |a lieky  |2 snkbucl  |9 2515 
650 0 7 |a spotreba liekov  |2 snkbucl  |9 222769 
773 0 |t Zdravotnícke noviny  |g Roč. X, č. 12 (2005), s. 9  |x 1335-4477 
852 |a SNK  |b KIS3GCP 
958 |a MI 
999 |c 2625762  |d 2627692